000
00311 a2200157 4500
001
192174
020
_a
978-85-260-2248-5
040
_c
Magnum
100
_a
Meireles, CecĂla
240
1
0
_a
Sonhos
_l
por
245
1
0
_a
Sonhos
300
_a
105
362
0
_a
2016
697
_a
LITERATURA GERAL
942
_c
BK
999
_c
192174
_d
192174